Регионална библиотека "Любен Каравелов" - Русе

Пътешествието на Синята стрела (Запис номер 346801)

MARC детайли
000 -Лидер
Контролно поле с фиксирана дължина 00999nam a2200241 a 4500
003 - Код на организацията, давaща контролен номер
Контролно поле BLK
005 - Дата и час на последна редакция
Контролно поле 20250312085106.0
008 - Елементи от данни с фиксирана дължина
fixed length control field 191127b bu ||||| |||| 00| 0 bu d
020 ## - Международен стандартен номер на книга ISBN
Международен стандартен номер на книга ISBN 9786190203209
040 ## - Източник на каталожния запис
Идентификатор на билиотеката - собственик на записа BLK
041 ## - Код за език
Код за езика на текст/звукозапис или на отделно заглавие Български
Код за езика КДБФ Български
080 ## - УДК
Текстов определител УДК Италианска литература
УДК код - определител по УДК 821.131.1
УДК определител -93-31
УДК - код + определител 821.131.1-93-31
100 ## - Редна дума - Автор
Автор Родари, Джани
Дати, свързани с автора 1920-1980
Автор - информация (биография) Италиански писател
R(LIN) 253674
245 ## - Сведения за заглавието
Заглавие Пътешествието на Синята стрела
Редно поле (дума) Джани Родари ; прев. от итал. Никола Иванов; ил. Николета Коста
260 ## - Област на издателските данни
9 (RLIN) 209486
Място на издаване, разпространение и проч. София
Име на издателя, разпространителя и проч. Колибри
Година на издаване 2018
300 ## - Физическа характеристика
Страници 160 с.
Илюстрации и др. с ил.
Размери/Мащаб 21 см
380 ## - Жанр
Жанр Детска худож. лит.
700 ## - Други автори (авторска отговорност)
9 (RLIN) 365549
Лично име Иванов, Никола Стойков
Автороска отговорност (Описва отношението между автора и произведението) прев. от итал.
700 ## - Други автори (авторска отговорност)
9 (RLIN) 599
Лично име Коста Николета
Автороска отговорност (Описва отношението между автора и произведението) ил.
999 ## - СИСТЕМНИ КОНТРОЛНИ НОМЕРА
Koha biblionumber 346801
Koha biblioitemnumber 346801
942 ## - АРТИКУЛИ
Вид на библиотечния материал Книги
Скрит в OPAC Не
Периодичен библиозапис Да
Koha issues (borrowed), all copies 9
944 ## - СЪЗДАВАНЕ И РЕДАКЦИЯ на ЗАПИСА
Създаване/Редакция Създаване
Дата на регистрацията/редакция 2019-11-27
Служител, извършил регистрацията/редакцията 30560
Статус, дата на статуса Геновева Генчева
999 ## - СИСТЕМНИ КОНТРОЛНИ НОМЕРА
Koha biblioitemnumber 346801
Наличности
Код за отписване Код за изгубен артикул Източник на класификационната схема Код за повреда Коз за рестрикции Код за отдаване Артикулен № Име на библиотеката - собственик Име на библиотеката, в която се намира в момента Статус (Текущо местоположение) Дата на вписване в системата Местоположение - отдел Цена в лева Систематично азбучна сигнатура Баркод Цена в евро Служебен тип на артикула
  Не е изгубен Universal Decimal Classification Не е повреден без рестрикции заемане за дома 750841 Регионална библиотека "Любен Каравелов" Русе Регионална библиотека "Любен Каравелов" Русе Детски отдел 2019-12-04 Детски отдел 11.20 ДХ 820/899/Р 73 120000839114 5.73 Книги
  Не е изгубен Universal Decimal Classification Не е повреден без рестрикции заемане за дома 750842 Регионална библиотека "Любен Каравелов" Русе Регионална библиотека "Любен Каравелов" Русе Детски отдел 2019-12-04 Детски отдел 11.20 ДХ 820/899/Р 73 120000839112 5.73 Книги
  Не е изгубен Universal Decimal Classification Не е повреден без рестрикции заемане за дома 750843 Регионална библиотека "Любен Каравелов" Русе Регионална библиотека "Любен Каравелов" Русе Детски отдел 2019-12-04 Детски отдел 11.20 ДХ 820/899/Р 73 120000839110 5.73 Книги
  Не е изгубен Universal Decimal Classification Не е повреден без рестрикции заемане за дома 750844 Регионална библиотека "Любен Каравелов" Русе Регионална библиотека "Любен Каравелов" Русе Детски отдел 2019-12-04 Детски отдел 11.20 ДХ 820/899/Р 73 120000839111 5.73 Книги
  Не е изгубен Universal Decimal Classification Не е повреден без рестрикции заемане за дома 750845 Регионална библиотека "Любен Каравелов" Русе Регионална библиотека "Любен Каравелов" Русе Детски отдел 2019-12-04 Детски отдел 11.20 ДХ 820/899/Р 73 120000839113 5.73 Книги
Vip Innovations Ltd, Rousse, Bulgaria 2025